000 01875nam a22003377a 4500
999 _c6491
_d6491
003 OSt
005 20200212090227.0
008 200212s2012 sp ||||r|||| 001 0 spa d
020 _a9788415504726
040 _aCO-JMCR
_cCO-JMCR
041 _aspa
082 0 4 _a658 /
_bR741p
100 1 _aRojas Graell, Joan,
_eautor
_9446
245 _aPlan de viabilidad :
_bguía práctica para su elaboración y negociación
_cJoan Rojas Graell, Salvador Beltran Codina, Orial Amat Salas, Josep M. Bastons Álvarez, Jordi Conejos Sancho, Xavier Doménech Ortí
260 _a[España] :
_bProfit,
_c2012
300 _a163 páginas :
_bilustraciones a blanco y negro ;
_c21 cm.
490 _aColección : MBA práctico
505 _aGénesis del plan de viabilidad -- Condiciones para el éxito de un PV -- Elaboración del PV -- La negociación de PV -- La revisión y valoración del PV por terceros
520 _aLos planes de viabilidad de una empresa son vitales para evitar su desaparición en situaciones de crisis. Este libro propone una metodología específica para abordar esta situación que contempla la creación de modelos económicos y financieros, así como también la negociación que debe llevarse a cabo con acreedores financieros, proveedores, trabajadores y clientes, entre otros agentes otros agentes implicados.
650 1 4 _aPlanificación
_xempresarial
_9447
650 1 4 _aEmpresas comerciales
_xFinanzas
_9448
650 1 4 _aEmpresas
_xReorganitzación
_9449
700 1 _aBertran Codina, Salvador,
_eautor
_9450
700 1 _aAmat Salas, Oriol,
_eautor
_9451
700 1 _aBostons Álvarez, Josep M.,
_eautor
_9452
700 1 _aConejos Sancho, Jordi,
_eautor
_9453
700 1 _aDoménech Ortí, Xavier,
_eautor
_9454
700 1 _aMartínez Pascual, Josep,
_eautor
_9455
700 1 _aRoqueta Rodríguez, Ángels,
_eautor
_9456
942 _2ddc
_cBK